Name a Valid Megacity A-Z - Statistics

General Stats
  • This quiz has been taken 215 times
  • The average score is 13 of 17
Answer Stats
Letter City % Correct
L Lahore | Lagos | Lima | London | Los Angeles
96%
B Bangkok | Beijing | Bengaluru | Buenos Aires
94%
N Nagoya | New Delhi | New York City
93%
M Manila | Mexico City | Moscow | Mumbai
89%
S Sao Paulo | Seoul | Shanghai
89%
T Tehran | Tianjin | Tokyo
88%
C Cairo | Chennai
86%
J Jakarta | Johannesburg
86%
K Karachi | Kinshasa | Kolkata
74%
G Guangzhou
71%
R Rio de Janeiro
68%
I Istanbul
66%
P Paris
65%
O Osaka
63%
D Dhaka
59%
X Xiamen
50%
H Hyderabad
39%
No matching quizzes found
Score Distribution
Percent of People with Each Score
Percentile by Number Answered
Your Score History
You have not taken this quiz